000
00313pam a2200133 a 4500
020
_c
041
_h
082
_a
340
_b
CHA
100
_a
CHAUDHARY P.,
245
_a
LAWYER S MISCELLANY
_h
Textual Documents
260
_a
NEW DELHI
_b
METROPOLITAN BOOK CO. PVT. LTD.
_c
1981
300
_a
VIII+288
930
_a
10029
999
_c
129482
_d
129482